000 00320nam a22001337a 4500
008 170323b xxu||||| |||| 00| 0 eng d
020 _a9780781726153
041 _aeng
080 _24th
_a616.9
100 _a8
101 _ashm
245 _aINFECTOUS DISEASES OF THE FEMALE FENITAL TRACT
_cSWEET, R.L
942 _2udc
_cBK
999 _c8460
_d8460